|
|
|
|
| LEADER |
00000nab a2200000 a 4500 |
| 001 |
vtls000393049 |
| 003 |
SK-MaSNL |
| 005 |
20260318140755.0 |
| 008 |
150501c1987 xo 0 eng |
| 015 |
|
|
|a SNBRA19rr/mm-uuuuu
|
| 035 |
|
|
|a CL0393173
|
| 040 |
|
|
|a SNKBUCL
|b slo
|c SNKBUCL
|e AACR2
|
| 041 |
0 |
|
|a eng
|
| 044 |
|
|
|a xo
|c SK
|
| 080 |
|
|
|a 621.376.4.029.64:621.382.2
|2 1981
|
| 080 |
|
|
|a 621.382.2
|2 1981
|
| 100 |
1 |
|
|a Modelski, Józef
|4 aut
|9 1143008
|
| 245 |
1 |
0 |
|a X-band phase modulator with hyperabrupt varactor diodes
|c Józef Modelski
|
| 300 |
|
|
|b Sch. 2., lit. 4 zázn. v angl.
|
| 650 |
0 |
7 |
|a fázové modulátory
|2 snkbucl
|9 1143009
|
| 650 |
0 |
7 |
|a diódy varaktorové
|2 snkbucl
|9 1143010
|
| 655 |
|
7 |
|a články zo zborníkov
|2 snkbucl
|9 166140
|
| 773 |
0 |
|
|t MITEKO 87
|d Bratislava : Dom techniky ČSVTS, 1987
|g S. 85-86
|
| 850 |
|
|
|a Slovenská národná knižnica v Martine
|a MTA001
|
| 852 |
|
|
|a SNK
|b KIS3GCP
|
| 958 |
|
|
|a RK
|
| 958 |
|
|
|a PL
|
| 992 |
|
|
|a RZB
|
| 999 |
|
|
|c 1932621
|d 1934551
|